Dobrý dôvod prepísať svoju DNA
Vyhľadávač Google chce, aby ho bolo ťažšie oklamať. Ak Google zmení kritériá, podľa ktorých zoraďuje výsledky vyhľadávania na stránke news.google.com, zasadí úder nekalým spôsobom, ktorými si stránky zvyšujú návštevnosť. V posledných rokoch sa webovým stránkam darilo algoritmus vyhľadávania klamať n...
Gespeichert in:
| 1. Verfasser: | |
|---|---|
| Format: | Buchkapitel |
| Sprache: | Slowakisch |
| Schlagworte: | |
| Tags: |
Keine Tags, Fügen Sie das erste Tag hinzu!
|
MARC
| LEADER | 00000naa a2200000 4500 | ||
|---|---|---|---|
| 001 | 0135373 | ||
| 005 | 20230918131055.0 | ||
| 041 | 0 | |a slo | |
| 044 | |a SK | ||
| 245 | 1 | 0 | |a Dobrý dôvod prepísať svoju DNA |c Jeff Bercovici |
| 520 | |a Vyhľadávač Google chce, aby ho bolo ťažšie oklamať. Ak Google zmení kritériá, podľa ktorých zoraďuje výsledky vyhľadávania na stránke news.google.com, zasadí úder nekalým spôsobom, ktorými si stránky zvyšujú návštevnosť. V posledných rokoch sa webovým stránkam darilo algoritmus vyhľadávania klamať najrôznejšími spôsobmi. Prerobením algoritmu chce Google odstrániť problémy. Tieto zmeny by mali prospieť aj tradičným médiám. Nový algoritmus by mal uprednostňovať stránky, na ktorých sa nachádza spravodajstvo, analytické články a výskum. Hrozbou pre Google sú aj sociálne siete. | ||
| 610 | 2 | 0 | |a internet |
| 610 | 2 | 0 | |a technológie informačné |
| 610 | 2 | 0 | |a technológie komunikačné |
| 610 | 2 | 0 | |a médiá |
| 610 | 2 | 0 | |a tlač |
| 610 | 2 | 0 | |a siete sociálne |
| 100 | 1 | |a Bercovici, Jeff | |